| 000 | 00448nam a2200169Ia 4500 | ||
|---|---|---|---|
| 001 | 5308 | ||
| 003 | GE_BSU | ||
| 008 | 181216s||||||||xx |||||||||||||| ||und|| | ||
| 040 | _cGE_BSU | ||
| 080 | _a512+515.1+511 | ||
| 245 | _aАлгебра. Топология. Геометрия. 1968 | ||
| 260 | _aМосква | ||
| 260 | _c1970 | ||
| 300 | _a223 с. 22 см. | ||
| 653 | _aАлгебра. Топология. Геометрия. | ||
| 942 | _cBK | ||
| 999 |
_c38893 _d38893 |
||